00750cam a22002537a 450000100090000000300050000900500170001400800410003101000170007202000180008902000150010702500240012203500260014603700630017204000130023504200100024805000370025808200170029510000330031224500320034526000870037730000210046450000110048514855778Nust20170309100615.0070428s2007 ii 000 1 eng  a 2007393399 a9780143100522 a0143100521 aI-E-2007-393399; 27 a(IN-NdUBS)UBS07001014 bLibrary of Congress -- New Delhi Overseas OfficecRs295.00 aDLCcDLC alcode00aMLCS 2006/01299 (P)aPR6063.C328 a823.914bMCC1 aMcCallum, Dawood Ali,d1954-10aTaz /cDawood Ali McCallum. aNew Delhi :bPenguin Books India ;aNew York [N.Y.] :bPenguin Group (USA),c2007. a311 p. ;c21 cm. aNovel.